Documento propiedad de José de la Borda y Manuel de la Borda (Record no. 4700)

MARC details
000 -CABECERA
campo de control de longitud fija 02843nam a2200325 a 4500
001 - NÚMERO DE CONTROL
campo de control BRCA_5006
005 - FECHA Y HORA DE LA ÚLTIMA TRANSACCIÓN
campo de control 20190320204911.0
008 - DATOS DE LONGITUD FIJA--INFORMACIÓN GENERAL
campo de control de longitud fija 291010m17971799mx-######v---#000-0#spa-#
041 ## - CÓDIGO DE LENGUA
Código de lengua del texto/banda sonora o título independiente spa
044 ## - CÓDIGO DEL PAÍS DE LA ENTIDAD EDITORA/PRODUCTORA
Código MARC del país mx
084 ## - OTRO NÚMERO DE CLASIFICACIÓN
Número de clasificación DOC89
Número de documento/Ítem .B67
-- 1797
100 1# - ENTRADA PRINCIPAL--NOMBRE DE PERSONA
Nombre de persona Borda, José de la
9 (RLIN) 12766
245 10 - MENCIÓN DE TÍTULO
Título Documento propiedad de José de la Borda y Manuel de la Borda
Mención de responsabilidad, etc. José de la Borda ... [et al.].
260 ## - PUBLICACIÓN, DISTRIBUCIÓN, ETC.
Lugar de publicación, distribución, etc. México
Fecha de publicación, distribución, etc. 1797-1799
300 ## - DESCRIPCIÓN FÍSICA
Extensión [79] fojas
Dimensiones 32 x 22 cm
500 ## - NOTA GENERAL
Nota general Documento que contiene varios asuntos firmados y fechados entre 1797 y 1799
500 ## - NOTA GENERAL
Nota general Libro 5 de la Cuenta de Albaceazgo de Doña María Matiana Velázquez y el Doctor Don Manuel de la Borda, formado por su albacea Don Joaquín Romero Caamaño con referencia a los documentos de comprobación
500 ## - NOTA GENERAL
Nota general Documento que contiene viarios legajos firmados en diversas fechas
500 ## - NOTA GENERAL
Nota general El documento contiene la leyenda DOC. #249
500 ## - NOTA GENERAL
Nota general Papel con marca de agua
500 ## - NOTA GENERAL
Nota general Estado de conservación: Contiene daños provocados por insectos papirográfos y acidificación
505 0# - NOTA DE CONTENIDO CON FORMATO
Nota de contenido con formato Foja [3-15]: Testamentaría de Don Manuel de la Borda, 1798 . -- Foja [16-17]: Cuenta del producto de arrendamientos que han rendido las casas de esta ciudad pertenecientes a la testamentaría de Don Manuel de la Borda, 1797 . -- Foja [19-20] : Gastos erogados en composturas y reparos de las casas, 1797 . -- Foja [21-37]: Cuenta de Cargo y Data de los reales que se ha recibido de los arrendamientos de las casas y gastos causados por los herederos, 1797 . -- Foja [38-44]: Cuenta de la ropa de uso que se ha hecho al niño José de la Borda, 1797 . -- Foja [45-53]: Liquidación y revisión de la cuenta que antecede con arreglo a las artidas que se compone y a los documentos de comprobación a que se refiere . -- Foja [54-61]: Cuenta del precio de la Hacienda de San Juan de Dios. -- Foja [62-70]: Carta que el Virrey Miguel José Azanza, dirige a Joaquín Romero de Caamaño sobre un donativo, 3 de noviembre de 1778 . -- Foja [71-72]: Carta de Joaquín Romero Caamaño al Virrey Miguel José de Azanza ofreciendo
-- 500.00 . -- Foja [73]: Certificado de Tesorería General de Ejército y Real Hacienda de México de haber recibido el donativo de
-- 500.00 para ayuda de los gastos de guerra contra la Gran Bretaña. 8 de novimebre 1798 . -- Foja[74-79]: Apuntes de la cuenta de los gastos menores de la Testamentaría de Doña María Matiana Velázquez y el Doctor Borda, 1798.
506 0# - NOTA DE RESTRICCIONES AL ACCESO
Limitaciones de acceso Fondo reservado: para su consulta es necesario credencial de usuario y carta de motivos
546 ## - NOTA DE LENGUA/LENGUAJE
Nota de lengua/lenguaje Texto en: español a finales del siglo XVIII
600 14 - PUNTO DE ACCESO ADICIONAL DE MATERIA--NOMBRE DE PERSONA
Nombre de persona Borda, José de la
Subdivisión general Historia
9 (RLIN) 12767
650 14 - PUNTO DE ACCESO ADICIONAL DE MATERIA--TÉRMINO DE MATERIA
Término de materia o nombre geográfico como elemento de entrada Documentos legales
9 (RLIN) 12768
651 #4 - PUNTO DE ACCESO ADICIONAL DE MATERIA--NOMBRE GEOGRÁFICO
Nombre geográfico México
Subdivisión de forma Manuscrito
Subdivisión general Historia
Subdivisión cronológica Colonia, 1521-1821
9 (RLIN) 12769
902 ## - CATALOGADOR
Iniciales FDH
942 ## - ELEMENTOS DE PUNTO DE ACCESO ADICIONAL (KOHA)
Fuente del sistema de clasificación o colocación Library of Congress Classification
Tipo de ítem Koha Documentos
Holdings
Estado de retiro Estado de pérdida Estado dañado No para préstamo Localización permanente Ubicación/localización actual Fecha de adquisición Total de préstamos Signatura topográfica completa Código de barras Fecha visto por última vez Precio válido a partir de Tipo de ítem Koha
El ejemplar forma parte de la colección y puede ser consultado según las políticas vigentes.       Biblioteca del Museo Franz Mayer (Rogerio Casas-Alatriste) Biblioteca del Museo Franz Mayer (Rogerio Casas-Alatriste) 29/10/2010   DOC89 .B67 1797 5090 22/03/2019 22/03/2019 Documentos